| 000 | 00740nam a2200193 i 4500 | ||
|---|---|---|---|
| 001 | 153890 | ||
| 003 | ES-MaACL | ||
| 005 | 20240229062725.0 | ||
| 008 | 961011s1808 sp |||| | spa d | ||
| 110 | 1 |
_aEspaña. _bJunta Suprema Central. _9141469 |
|
| 245 | 1 | 3 | _aLa Suprema Junta Gubernativa del Reyno a la nacion española. |
| 260 |
_a[S.l. : _bs.n., _c1808?] |
||
| 300 |
_a16 p. ; _c21 cm. |
||
| 596 | _aAl final del texto: Aranjuez en 1808 y firmado por Martín de Garay. | ||
| 651 | 4 |
_aEspaña- _xHistoria- _y1808-1814, Guerra de la Independencia _98244 |
|
| 700 | 1 |
_aGaray, Martin de. _953943 |
|
| 852 |
_aES-MaACL _jR-3318(8) _z- Enc. en un vol. facticio con otras obras formando "Miscelánea patriótica" |
||
| 999 |
_c153890 _d153890 |
||